000 00330 a2200157 4500
001 167266
020 _a
040 _cMagnum
100 _aLorda, C. Raul
240 1 0 _aRecreacao na terceira idade
_lpor
245 1 0 _aRecreacao na terceira idade
362 0 _a1899
440 1 _aSprint
697 _aRECREACAO
942 _cBK
999 _c167266
_d167266